[Event "Golden Jubilee Club Championship"]
[Site "Box Hill"]
[Date "2002.05.10"]
[Round "5.28"]
[White "Sellayah, Renishka"]
[Black "Wallis, Christopher"]
[Result "1-0"]
[WhiteElo "1182"]
[BlackElo "928"]
[Annotator "sf"]
[PlyCount "67"]
[EventDate "2002.04.12"]

1. d4 d5 2. Nf3 Nf6 3. Bf4 e6 4. Nbd2 Bd6 5. Ne5 Nc6 6. Ndf3 Ne4 7. Nxc6 bxc6
8. Bxd6 Qxd6 9. e3 Qb4+ 10. Nd2 Nxd2 11. Qxd2 Qxb2 12. Qd1 Qc3+ 13. Ke2 Ba6+
14. Kf3 Bxf1 15. Rxf1 Rb8 16. Rb1 Ke7 17. g3 Rb4 18. Kg2 Rhb8 19. Rb3 Rxb3 20.
cxb3 c5 21. dxc5 Qxc5 22. Qb1 f5 23. Rc1 Qd6 24. Qc2 Kd7 25. Qc3 e5 26. Qa5 Rb7
27. Qa4+ Kd8 28. Qh4+ Qe7 29. Qxh7 Qf8 30. Qg6 Rb6 31. Rc6 Qa3 32. Rxb6 axb6
33. Qxg7 Qe7 34. Qg8+ 1-0

[Event "Golden Jubilee Club Championship"]
[Site "Box Hill"]
[Date "2002.05.10"]
[Round "5.29"]
[White "Redgrave, Andrew"]
[Black "Burak, Mehmed"]
[Result "0-1"]
[WhiteElo "1476"]
[BlackElo "1167"]
[Annotator "sf"]
[PlyCount "134"]
[EventDate "2002.04.12"]

1. e4 c5 2. Nf3 Nc6 3. Bb5 a6 4. Bxc6 bxc6 5. O-O d6 6. b3 Bg4 7. d3 e5 8. Nbd2
Be7 9. Nc4 h6 10. Bd2 a5 11. Ne3 Bh5 12. Nf5 Bf6 13. h3 Ne7 14. Ng3 Bg6 15. Nh2
Qd7 16. a4 Bh4 17. Nh5 Bf6 18. Nxf6+ gxf6 19. Ng4 Ng8 20. f4 Bh5 21. f5 Ke7 22.
Qf3 Bxg4 23. Qxg4 h5 24. Qg7 Nh6 25. Qg3 d5 26. Qe1 dxe4 27. dxe4 Qa7 28. Be3
Kd7 29. Qc3 Rad8 30. Rad1+ Kc8 31. Rxd8+ Kxd8 32. Rd1+ Kc8 33. Bxc5 Qc7 34. Rd6
Rd8 35. Rxd8+ Kxd8 36. Bf2 Ng8 37. Be1 Ne7 38. Qxa5 Qxa5 39. Bxa5+ Kd7 40. b4
Nc8 41. c4 Na7 42. b5 Nc8 43. c5 cxb5 44. axb5 Na7 45. b6 Nc6 46. b7 Nb8 47.
Kf2 Kc6 48. Kg3 Kxb7 49. Kh4 Nd7 50. Bb6 Kc6 51. Kxh5 Nxc5 52. Bxc5 Kxc5 53.
Kh6 Kd4 54. Kg7 Kxe4 55. h4 Kxf5 56. h5 e4 57. h6 e3 58. h7 e2 59. h8=Q e1=Q
60. Kxf7 Qe6+ 61. Kg7 Qd7+ 62. Kh6 Qd2+ 63. Kg7 Qxg2+ 64. Kf7 Qb7+ 65. Kf8 Qb8+
66. Kg7 Qxh8+ 67. Kxh8 Kg4 0-1

[Event "Golden Jubilee Club Championship"]
[Site "Box Hill"]
[Date "2002.05.10"]
[Round "5.32"]
[White "Fielder, Shaun"]
[Black "Neymanis, Eric"]
[Result "0-1"]
[WhiteElo "1162"]
[BlackElo "1391"]
[Annotator "sf"]
[PlyCount "90"]
[EventDate "2002.04.12"]

1. d4 d5 2. c4 c6 3. Nc3 e6 4. Nf3 Be7 5. e3 Nf6 6. Bd3 h6 7. O-O a6 8. Re1
dxc4 9. Bxc4 Nd5 10. e4 Nxc3 11. bxc3 b5 12. Bb3 Bg5 13. a4 Bxc1 14. Qxc1 Nd7
15. Qa3 Bb7 16. c4 Qe7 17. axb5 Qxa3 18. Rxa3 axb5 19. Rxa8+ Bxa8 20. Ra1 Ke7
21. Ra7 bxc4 22. Bxc4 Rb8 23. Kf1 Ke8 24. Ke2 Nb6 25. Bd3 Rb7 26. Ra6 f6 27.
Nd2 Rb8 28. Ra7 Kf8 29. Nb3 Kg8 30. f4 Nc8 31. Rc7 Nd6 32. Nc5 Nb5 33. Nxe6
Nxc7 34. Nxc7 Rb2+ 35. Kf3 Bb7 36. Bc4+ Kh8 37. e5 fxe5 38. dxe5 c5+ 39. Bd5
Bxd5+ 40. Nxd5 Kg8 41. e6 Kf8 42. f5 Rd2 43. Ke4 c4 44. Nc3 Ke7 45. Nd5+ Rxd5
0-1

[Event "Golden Jubilee Club Championship"]
[Site "Box Hill"]
[Date "2002.05.10"]
[Round "5.33"]
[White "Van Dijk, Devrim"]
[Black "Mihalopoulos, Tony"]
[Result "1-0"]
[WhiteElo "1082"]
[BlackElo "1381"]
[Annotator "sf"]
[PlyCount "43"]
[EventDate "2002.04.12"]

1. e4 d5 2. exd5 Nf6 3. d4 Qxd5 4. Nc3 Qd8 5. Nf3 Bg4 6. Bc4 c6 7. Bxf7+ Kxf7
8. Ne5+ Ke8 9. Nxg4 Nxg4 10. Qxg4 Nd7 11. O-O Nf6 12. Qh4 g6 13. Re1 Kf7 14.
Bg5 Bg7 15. Rad1 Re8 16. Bxf6 Bxf6 17. Qxh7+ Bg7 18. Ne4 Rh8 19. Ng5+ Kf6 20.
Re6+ Kxg5 21. Qxg6+ Kf4 22. Re4# 1-0

[Event "Golden Jubilee Club Championship"]
[Site "Box Hill"]
[Date "2002.05.10"]
[Round "5.55"]
[White "O'Connor, Andrew"]
[Black "Tham, Christopher"]
[Result "0-1"]
[WhiteElo "648"]
[BlackElo "639"]
[Annotator "jp"]
[PlyCount "60"]
[EventDate "2002.04.12"]

1. e4 e5 2. Nf3 d6 3. Bb5+ c6 4. Bc4 d5 5. exd5 Bc5 6. d4 exd4 7. Nxd4 Qf6 8.
Be3 Qe7 9. O-O Qf6 10. Re1 Ne7 11. Nc3 Qg6 12. Na4 Bh3 13. g3 Qe4 14. f3 Qg6
15. Nxc5 cxd5 16. Bb5+ Nbc6 17. Nxc6 bxc6 18. Bg5 O-O 19. Bxe7 Rfe8 20. Bd3 Qh6
21. Re2 Rxe7 22. Rxe7 Qf6 23. Qe2 Qd4+ 24. Kh1 Kf8 25. Nd7+ Bxd7 26. Rxd7 Re8
27. c3 Qb6 28. Qg2 Qe3 29. Qg1 Qxd3 30. Re1 $2 (30. Qc5+ $142 Kg8 31. Qe7)
30... Qxf3+ 0-1

[Event "Golden Jubilee Club Championship"]
[Site "Box Hill"]
[Date "2002.05.17"]
[Round "6.3"]
[White "Johansen, Darryl K"]
[Black "Nemeth, Janos"]
[Result "1-0"]
[WhiteElo "2515"]
[BlackElo "1918"]
[Annotator "sf"]
[PlyCount "37"]
[EventDate "2002.04.12"]

1. e4 c5 2. Nf3 d6 3. d4 cxd4 4. Nxd4 Nf6 5. Nc3 g6 6. f4 Nc6 7. Nxc6 bxc6 8.
e5 Nd7 9. exd6 exd6 10. Be3 Nf6 11. Qd2 Bg7 12. O-O-O d5 13. Bc5 Bf5 14. Bd3
Ne4 15. Rhe1 Bxc3 16. Qxc3 f6 17. Bxe4 Bxe4 18. Rxe4+ dxe4 19. Rxd8+ 1-0

[Event "Golden Jubilee Club Championship"]
[Site "Box Hill"]
[Date "2002.05.17"]
[Round "6.5"]
[White "Chowdhury, Mahmud"]
[Black "Dutka, Janusz"]
[Result "0-1"]
[WhiteElo "1694"]
[BlackElo "1904"]
[Annotator "hl"]
[PlyCount "36"]
[EventDate "2002.04.12"]

1. e4 c5 2. Nf3 d6 3. d4 cxd4 4. Nxd4 Nf6 5. Nc3 a6 6. Bg5 e6 7. f4 Be7 8. Qf3
Qa5 9. O-O-O Bd7 10. Bc4 Nc6 11. Bb3 Nxd4 12. Rxd4 Bc6 13. Qg3 O-O-O 14. Rhd1
h6 15. Bxf6 Bxf6 16. Rxd6 Rxd6 17. Rxd6 Bxc3 18. bxc3 Qa3+ 0-1

[Event "Golden Jubilee Club Championship"]
[Site "Box Hill"]
[Date "2002.05.17"]
[Round "6.6"]
[White "Jager, Jesse"]
[Black "Sharman, Scot A"]
[Result "0-1"]
[WhiteElo "1531"]
[BlackElo "1658"]
[Annotator "hl"]
[PlyCount "66"]
[EventDate "2002.04.12"]

1. Nf3 c5 2. e4 e6 3. d4 cxd4 4. Nxd4 Nc6 5. Nc3 Qc7 6. Be3 a6 7. Bd3 d6 8. f4
Nf6 9. O-O Be7 10. a4 Bd7 11. Nb3 Na5 12. Nd2 Rc8 13. Qf3 O-O 14. Rae1 Nc6 15.
g4 Nb4 16. g5 Ne8 17. Bc4 Nxc2 18. Qh5 Nxe1 19. Rxe1 g6 20. Qh6 d5 21. exd5 Bc5
22. Nde4 Bxe3+ 23. Rxe3 f5 24. Rf3 Bxa4 25. dxe6 Qe7 26. Nd5 Qg7 27. e7 Rxc4
28. Nef6+ Rxf6 29. Qxg7+ Kxg7 30. gxf6+ Nxf6 31. Nxf6 Kxf6 32. b3 Rc1+ 33. Kf2
Be8 0-1

[Event "Golden Jubilee Club Championship"]
[Site "Box Hill"]
[Date "2002.05.17"]
[Round "6.7"]
[White "Pecori, Ascaro"]
[Black "Lee, Michelle"]
[Result "1-0"]
[WhiteElo "1926"]
[BlackElo "1671"]
[Annotator "hl"]
[PlyCount "59"]
[EventDate "2002.04.12"]

1. d4 Nf6 2. Nf3 c5 3. c3 e6 4. Bf4 Nc6 5. e3 b6 6. h3 Bb7 7. Bd3 Be7 8. Nbd2
d5 9. O-O O-O 10. Ne5 Nxe5 11. dxe5 Nd7 12. Qg4 Re8 13. Nf3 f5 14. exf6 Bxf6
15. Ng5 Bxg5 16. Bxg5 Nf6 17. Qg3 Qe7 18. a4 a6 19. Rfd1 Rac8 20. Rd2 e5 21.
Rad1 Qf7 22. Qh4 e4 23. Be2 Re6 24. c4 Rf8 25. cxd5 Nxd5 26. Bc4 h6 27. Bf4 g5
28. Qg3 Kh7 29. Bd6 Rd8 30. Bxd5 1-0

[Event "Golden Jubilee Club Championship"]
[Site "Box Hill"]
[Date "2002.05.17"]
[Round "6.8"]
[White "Jenkins, Keith"]
[Black "Kempen, Leon"]
[Result "1/2-1/2"]
[WhiteElo "1694"]
[BlackElo "1995"]
[Annotator "sf"]
[PlyCount "96"]
[EventDate "2002.04.12"]

1. d4 Nf6 2. c4 c5 3. d5 e5 4. Nc3 d6 5. e4 Be7 6. Nf3 O-O 7. Be2 Ne8 8. O-O
Nd7 9. Be3 g6 10. Ne1 a6 11. a3 Bf6 12. b4 b6 13. Nd3 Bg5 14. Bxg5 Qxg5 15. Qc1
Qf6 16. bxc5 bxc5 17. Rb1 Kg7 18. Qd2 Qe7 19. Rb3 Rb8 20. Rxb8 Nxb8 21. Rb1 Nd7
22. Bd1 f5 23. f3 f4 24. Ba4 g5 25. h3 h5 26. Nf2 Ndf6 27. Bxe8 Rxe8 28. Qd1
Rg8 29. Rb8 Bd7 30. Rb7 Kh6 31. Qa4 Qe8 32. Qa5 g4 33. hxg4 hxg4 34. fxg4 Bxg4
35. Nxg4+ Rxg4 36. Rb2 Qg6 37. Nd1 Qxe4 38. Qc3 Rg3 39. Qc2 Qd4+ 40. Nf2 Rxa3
41. Qf5 Nd7 42. Qe6+ Kg5 43. Rb7 Ra1+ 44. Kh2 Qxf2 45. Qg8+ Kf5 46. Qh7+ Kf6
47. Qh6+ Kf5 48. Qh7+ Kf6 1/2-1/2

[Event "Golden Jubilee Club Championship"]
[Site "Box Hill"]
[Date "2002.05.17"]
[Round "6.9"]
[White "Lawson, Shane"]
[Black "Raine, Marcus"]
[Result "1/2-1/2"]
[WhiteElo "1611"]
[BlackElo "1927"]
[Annotator "sf"]
[PlyCount "79"]
[EventDate "2002.04.12"]

1. e4 c6 2. d4 d5 3. e5 g6 4. f4 h5 5. Nf3 Nh6 6. Bd3 Bg4 7. h3 Bf5 8. Nc3 e6
9. Be3 Nd7 10. Qd2 Bxd3 11. Qxd3 Nf5 12. Bf2 h4 13. a3 Qa5 14. O-O Qd8 15. b4
b6 16. Ne2 b5 17. Nd2 Nb6 18. Nb3 Nc4 19. Kh2 Be7 20. Nc5 O-O 21. g4 hxg3+ 22.
Nxg3 Nxg3 23. Qxg3 Bxc5 24. bxc5 Nd2 25. Qg4 Nxf1+ 26. Rxf1 g5 27. Bh4 f5 28.
Qh5 Qe8 29. Qxg5+ Kh7 30. Be1 Qg6 31. Qh4+ Qh6 32. Qe7+ Kh8 33. Bh4 Rae8 34.
Bf6+ Rxf6 35. Qxe8+ Rf8 36. Qe7 Rg8 37. Qf7 Rg7 38. Qe8+ Kh7 39. Rf3 a6 40. c3
1/2-1/2

[Event "Golden Jubilee Club Championship"]
[Site "Box Hill"]
[Date "2002.05.17"]
[Round "6.10"]
[White "Kildisas, Victor E"]
[Black "Lycett, Garry"]
[Result "1-0"]
[WhiteElo "1814"]
[BlackElo "1715"]
[Annotator "hl"]
[PlyCount "87"]
[EventDate "2002.04.12"]

1. d4 d5 2. c4 dxc4 3. e4 e5 4. Nf3 exd4 5. Qxd4 Qxd4 6. Nxd4 c6 7. Bxc4 Nd7 8.
O-O Nb6 9. Bb3 Bc5 10. Be3 Bd6 11. a4 Nf6 12. a5 Nbd7 13. Nf5 Bf8 14. Nd2 Ne5
15. Bd4 Bxf5 16. exf5 Ned7 17. Rfe1+ Be7 18. Nc4 Kf8 19. Rxe7 Kxe7 20. Re1+ Kd8
21. Nd6 Kc7 22. Nxf7 Rhe8 23. Be6 Re7 24. Be3 Nd5 25. Bxd5 Rxe3 26. fxe3 cxd5
27. Rc1+ Kb8 28. Nd6 a6 29. Rc8+ Ka7 30. Rxa8+ Kxa8 31. Ne8 Kb8 32. Nxg7 Kc7
33. Ne6+ Kd6 34. g4 Ke5 35. h3 h5 36. Kf2 Nf6 37. Kf3 hxg4+ 38. hxg4 Ne4 39. b4
Nd2+ 40. Ke2 Ne4 41. Nc5 Nd6 42. Kf3 d4 43. e4 Nc4 44. Nd3+ 1-0

[Event "Golden Jubilee Club Championship"]
[Site "Box Hill"]
[Date "2002.05.17"]
[Round "6.11"]
[White "Flude, David A"]
[Black "Nemeth, Laszlo"]
[Result "1/2-1/2"]
[WhiteElo "1746"]
[BlackElo "1525"]
[Annotator "hl"]
[PlyCount "58"]
[EventDate "2002.04.12"]

1. e4 g6 2. Nc3 Bg7 3. f4 d6 4. Nf3 Nf6 5. d4 c6 6. e5 dxe5 7. fxe5 Nd5 8. Bd3
O-O 9. O-O Bg4 10. h3 Bxf3 11. Qxf3 Qb6 12. Nxd5 cxd5 13. c3 e6 14. Qe2 Nc6 15.
Bg5 Nxe5 16. Bf6 Nxd3 17. Bxg7 Kxg7 18. Qxd3 Qc6 19. Qe3 Qc7 20. Rae1 Rac8 21.
Rf4 Qd6 22. Rh4 h5 23. Rxh5 gxh5 24. Qg5+ Kh7 25. Qxh5+ Kg7 26. Qg4+ Kf6 27.
Qh4+ Kg6 28. Qg4+ Kf6 29. Qh4+ Kg6 1/2-1/2

[Event "Golden Jubilee Club Championship"]
[Site "Box Hill"]
[Date "2002.05.17"]
[Round "6.12"]
[White "Low, Samuel"]
[Black "Lindberg, Gordon"]
[Result "1-0"]
[WhiteElo "2025"]
[BlackElo "1710"]
[Annotator "hl"]
[PlyCount "65"]
[EventDate "2002.04.12"]

1. e4 c5 2. Nf3 Nc6 3. d4 cxd4 4. Nxd4 g6 5. c4 Bg7 6. Be3 Nf6 7. Nc3 O-O 8. f3
e6 9. Ndb5 d5 10. cxd5 exd5 11. exd5 Ne7 12. Bc4 a6 13. Nd4 b5 14. Bb3 b4 15.
Nce2 Nexd5 16. Bg5 Bb7 17. Qd2 Re8 18. O-O Qb6 19. Kh1 Rad8 20. Rac1 Rd6 21.
Rfd1 a5 22. Ba4 Red8 23. Qe1 h6 24. Bh4 Ne3 25. Rd3 Nf5 26. Bf2 Ng4 27. fxg4
Nxd4 28. Rcd1 Ba6 29. Rxd4 Bxd4 30. Nxd4 Rxd4 31. Rxd4 Rxd4 32. Qe8+ Kg7 33.
Qe5+ 1-0

[Event "Golden Jubilee Club Championship"]
[Site "Box Hill"]
[Date "2002.05.17"]
[Round "6.13"]
[White "Small, David H"]
[Black "Chmiel, Rad"]
[Result "1-0"]
[WhiteElo "1994"]
[BlackElo "1682"]
[Annotator "hl"]
[PlyCount "99"]
[EventDate "2002.04.12"]

1. Nf3 Nf6 2. c4 e6 3. g3 d5 4. d4 c6 5. Qc2 Nbd7 6. Bg2 Be7 7. O-O O-O 8. Nbd2
b6 9. e4 dxc4 10. Nxc4 Ba6 11. Re1 Rc8 12. Nfe5 b5 13. Nxd7 Nxd7 14. Ne3 Qb6
15. Rd1 c5 16. d5 c4 17. dxe6 Qxe6 18. Nd5 Bc5 19. Be3 Bxe3 20. Nxe3 Ne5 21.
Nd5 Bb7 22. Nf4 Qb6 23. Qc3 Rfe8 24. a3 Rcd8 25. h3 Qc5 26. Rac1 Rd6 27. Qa5
Ra6 28. Qd2 f5 29. Nd5 Rg6 30. Kh2 Bxd5 31. Qxd5+ Qxd5 32. Rxd5 fxe4 33. Bxe4
Rf6 34. f4 Nf7 35. Rxb5 Nd6 36. Bd5+ Kf8 37. Rb4 a5 38. Rb6 Re2+ 39. Kg1 Rg6
40. g4 Rh6 41. g5 Rg6 42. Bxc4 Nxc4 43. Rb8+ Ke7 44. Rxc4 h6 45. Rc7+ Kd6 46.
Ra7 Rge6 47. Rb6+ Kc5 48. Rxe6 Rxe6 49. Rxa5+ Kb6 50. Re5 1-0

[Event "Golden Jubilee Club Championship"]
[Site "Box Hill"]
[Date "2002.05.17"]
[Round "6.14"]
[White "Stojic, Svetozar"]
[Black "Voon, Richard"]
[Result "1-0"]
[WhiteElo "1644"]
[BlackElo "1852"]
[Annotator "hl"]
[PlyCount "47"]
[EventDate "2002.04.12"]

1. e4 c5 2. Nf3 Nc6 3. d4 cxd4 4. Nxd4 Nf6 5. Nc3 d6 6. Be3 e6 7. Bc4 a6 8. Qe2
Qc7 9. O-O-O Bd7 10. g4 Ne5 11. Bb3 Nexg4 12. Bg5 Be7 13. f4 a5 14. Rhg1 Rc8
15. h3 Nh6 16. e5 dxe5 17. fxe5 Nfg8 18. Bxe7 Nxe7 19. Rxg7 Nef5 20. Nxf5 Nxf5
21. Rg5 h5 22. Rxf5 exf5 23. Nd5 Qc5 24. Nf6+ 1-0

[Event "Golden Jubilee Club Championship"]
[Site "Box Hill"]
[Date "2002.05.17"]
[Round "6.15"]
[White "Zivanovic, Rados"]
[Black "Dragicevic, Domagoj"]
[Result "1-0"]
[WhiteElo "1615"]
[BlackElo "1840"]
[Annotator "hl"]
[PlyCount "35"]
[EventDate "2002.04.12"]

1. d4 e5 2. dxe5 Nc6 3. Bf4 Qe7 4. Nc3 Nxe5 5. Nd5 Qd6 6. Qd4 f6 7. e3 c6 8.
Nc3 Qe6 9. Be2 Ne7 10. e4 d5 11. exd5 cxd5 12. O-O-O N5c6 13. Qd2 a6 14. Bf3 g5
15. Be3 Nb4 16. Bc5 g4 17. Bxb4 gxf3 18. Nxf3 1-0

[Event "Golden Jubilee Club Championship"]
[Site "Box Hill"]
[Date "2002.05.17"]
[Round "6.16"]
[White "Miller, Anthony"]
[Black "Meydan, Arie"]
[Result "1/2-1/2"]
[WhiteElo "1499"]
[BlackElo "1773"]
[Annotator "hl"]
[PlyCount "97"]
[EventDate "2002.04.12"]

1. d4 Nf6 2. Nf3 d5 3. Bf4 e6 4. Nbd2 Bd6 5. Bg5 Nbd7 6. e4 dxe4 7. Nxe4 O-O 8.
Nxd6 cxd6 9. Bc4 e5 10. O-O Qc7 11. Bb3 e4 12. Nd2 b5 13. Re1 Bb7 14. Nf1 Nd5
15. Qh5 f5 16. Ne3 N7b6 17. Qh3 Qd7 18. Qg3 Kh8 19. Nxd5 Bxd5 20. Bf4 Rf6 21.
h4 Rg6 22. Qh2 e3 23. Bxd5 exf2+ 24. Kxf2 Nxd5 25. Qh3 Nc7 26. Re2 Re8 27.
Rxe8+ Qxe8 28. Re1 Re6 29. Rxe6 Nxe6 30. Bxd6 Nxd4 31. Qe3 Qxe3+ 32. Kxe3 Nxc2+
33. Kf2 a5 34. Bc7 Nb4 35. Bxa5 Nd3+ 36. Ke3 Nxb2 37. Kf4 Nc4 38. Bc3 Kg8 39.
Kxf5 Ne3+ 40. Kg5 Kf7 41. Ba5 h6+ 42. Kh5 Nxg2 43. Bd2 Kf6 44. Kg4 g5 45. hxg5+
hxg5 46. Bxg5+ Ke5 47. Kf3 Ne1+ 48. Ke2 Nc2 49. Kd2 1/2-1/2

[Event "Golden Jubilee Club Championship"]
[Site "Box Hill"]
[Date "2002.05.17"]
[Round "6.17"]
[White "Zivanovic, Andjelija"]
[Black "O'Connor, Phil"]
[Result "1-0"]
[WhiteElo "1698"]
[BlackElo "1521"]
[Annotator "jp"]
[PlyCount "105"]
[EventDate "2002.04.12"]

1. d4 Nf6 2. Nf3 g6 3. c4 c5 4. Nc3 cxd4 5. Nxd4 Bg7 6. g3 O-O 7. Bg2 a6 8. O-O
d6 9. e4 Nbd7 10. Nd5 e6 11. Nxf6+ Nxf6 12. Be3 Rb8 13. Rc1 Qd7 14. h3 b6 15.
Qd2 Bb7 16. Qd3 Qd8 17. Rfd1 Re8 18. b4 Re7 19. Nb3 Rd7 20. Bd4 Bf8 21. Qe3 Bc8
22. Rc2 e5 23. Bb2 Bb7 24. Rcd2 Qc7 25. Qe2 Rbd8 26. h4 Qb8 27. g4 Qa8 28. f3
Qb8 29. g5 Nh5 30. Bxe5 dxe5 31. Rxd7 Rxd7 32. Rxd7 Nf4 33. Qd1 Bc8 34. Rd8 Kg7
35. c5 bxc5 36. bxc5 Qc7 37. Rxf8 Kxf8 38. Qd6+ Qxd6 39. cxd6 Ke8 40. Nc5 Bd7
41. Nxa6 Ne6 42. Nc7+ Nxc7 43. dxc7 Bc8 44. Kh2 Kd7 45. Bh3+ Kxc7 46. Bxc8 Kxc8
47. Kh3 Kd7 48. Kg4 Ke6 49. f4 Kd6 50. fxe5+ Kxe5 51. Kf3 f6 52. gxf6 Kxf6 53.
a4 1-0

[Event "Golden Jubilee Club Championship"]
[Site "Box Hill"]
[Date "2002.05.17"]
[Round "6.19"]
[White "Bourmistrov, Alex"]
[Black "Waller, A (Tony)"]
[Result "0-1"]
[WhiteElo "1476"]
[BlackElo "1754"]
[Annotator "tw"]
[PlyCount "82"]
[EventDate "2002.04.12"]

1. d4 Nf6 2. c4 c5 3. d5 b5 4. Nc3 b4 5. Na4 d6 6. e3 g6 7. b3 Bg7 8. Bb2 O-O
9. Bd3 Nbd7 10. Ne2 Nb6 11. Nxb6 axb6 12. a4 e6 13. e4 exd5 14. exd5 Re8 15. f3
Ra7 16. O-O Nh5 17. Qd2 Bxb2 18. Qxb2 Qh4 19. Rae1 Rae7 20. g3 Qg5 21. f4 Qg4
22. Qd2 Nf6 23. Nc1 Ne4 24. Qe2 Qxe2 25. Rxe2 Bg4 26. Re3 Nd2 27. Rxe7 Rxe7 28.
Kf2 Nxf1 29. Kxf1 Kg7 30. Kf2 f6 31. Be2 Bxe2 32. Nxe2 g5 33. f5 h5 34. h3 Re5
35. g4 hxg4 36. hxg4 Re8 37. Ng3 Kf7 38. Ne2 Rh8 39. Ng3 Rh2+ 40. Ke3 Rb2 41.
Ne4 Rxb3+ 0-1

[Event "Golden Jubilee Club Championship"]
[Site "Box Hill"]
[Date "2002.05.17"]
[Round "6.20"]
[White "Lindberg, Douglas"]
[Black "Umber, George"]
[Result "1/2-1/2"]
[WhiteElo "1631"]
[BlackElo "1550"]
[Annotator "tw"]
[PlyCount "89"]
[EventDate "2002.04.12"]

1. d4 e6 2. e4 d5 3. e5 c5 4. c3 Nc6 5. Nf3 Qb6 6. Be2 cxd4 7. cxd4 Nge7 8. a4
Nf5 9. Bb5 Bb4+ 10. Nc3 O-O 11. Be3 a6 12. Bd3 Nxe3 13. fxe3 f5 14. O-O Be7 15.
Qd2 Bd7 16. Rfb1 Rf7 17. Na2 Nb4 18. Nc3 Nc6 19. a5 Qd8 20. Ne2 Bb4 21. Qc2
Bxa5 22. h4 Nb4 23. Qb3 Nxd3 24. Qxd3 Bb5 25. Qd1 Bxe2 26. Qxe2 h6 27. b4 Bb6
28. b5 a5 29. g3 Rc8 30. Ne1 Rfc7 31. Nd3 Qe8 32. Rb2 g5 33. Kh2 g4 34. Nf4 Kf7
35. Nh5 Rc1 36. Rxc1 Rxc1 37. Rc2 Rxc2 38. Qxc2 Qd8 39. Nf4 Qc7 40. Qb2 Qc4 41.
Qa3 Qc7 42. h5 Qe7 43. Qc1 Qc7 44. Qa3 Qe7 45. Qc1 1/2-1/2

[Event "Golden Jubilee Club Championship"]
[Site "Box Hill"]
[Date "2002.05.17"]
[Round "6.22"]
[White "Liston, Howard"]
[Black "Lacey, David"]
[Result "1-0"]
[WhiteElo "1619"]
[BlackElo "1534"]
[Annotator "tw"]
[PlyCount "51"]
[EventDate "2002.04.12"]

1. e4 c5 2. Nf3 d6 3. d4 cxd4 4. Nxd4 Nf6 5. Nc3 g6 6. Be3 Bg7 7. f3 O-O 8. Qd2
Nc6 9. Bc4 Bd7 10. O-O-O Qa5 11. Bb3 Rfc8 12. Kb1 Ne5 13. Bg5 Nc4 14. Bxc4 Rxc4
15. Nb3 Qd8 16. e5 Ne8 17. exd6 Nxd6 18. Nd5 f6 19. Nxf6+ Kh8 20. Nd5 Nf5 21.
Nxe7 Qb6 22. Qxd7 Nxe7 23. Bxe7 a5 24. Bd8 Qb4 25. Qe8+ Bf8 26. Bf6+ 1-0

[Event "Golden Jubilee Club Championship"]
[Site "Box Hill"]
[Date "2002.05.17"]
[Round "6.23"]
[White "Lugo, Ruperto"]
[Black "Fell, Rowan"]
[Result "1-0"]
[WhiteElo "1599"]
[BlackElo "1402"]
[Annotator "tw"]
[PlyCount "47"]
[EventDate "2002.04.12"]

1. Nf3 c5 2. c4 Nc6 3. Nc3 g6 4. g3 Bg7 5. Bg2 e5 6. d3 Nge7 7. O-O O-O 8. Bg5
h6 9. Bxe7 Nxe7 10. Nd2 d6 11. Rb1 Rb8 12. a3 Bd7 13. b4 Bc6 14. Qb3 Bxg2 15.
Kxg2 b6 16. Qc2 cxb4 17. axb4 d5 18. Qa2 dxc4 19. Nxc4 Qd7 20. Ne4 Kh7 21. Rfc1
Qd5 22. Kg1 b5 23. Nc3 bxc4 24. Nxd5 1-0

[Event "Golden Jubilee Club Championship"]
[Site "Box Hill"]
[Date "2002.05.17"]
[Round "6.24"]
[White "Burak, Mehmed"]
[Black "Stojic, Dusan"]
[Result "0-1"]
[WhiteElo "1167"]
[BlackElo "1587"]
[Annotator "sf"]
[PlyCount "158"]
[EventDate "2002.04.12"]

1. d4 Nf6 2. Nf3 c5 3. dxc5 Qa5+ 4. Nc3 Qxc5 5. g3 e6 6. Bg2 Be7 7. O-O a6 8.
e4 d6 9. Be3 Qc7 10. Na4 Nbd7 11. Nd2 Rb8 12. c4 O-O 13. Rc1 b6 14. h3 Nc5 15.
Qc2 Bb7 16. b4 Nxa4 17. Qxa4 Rfc8 18. Qa3 Qd8 19. Rc3 d5 20. Rd3 Qf8 21. cxd5
exd5 22. exd5 Bxb4 23. Qb3 b5 24. Rd1 Rd8 25. Ne4 Nxe4 26. Bxe4 Rbc8 27. Bg5
Be7 28. Bxe7 Qxe7 29. Rd4 Rd6 30. Qd3 h6 31. Qe3 Qd7 32. Qf4 Rd8 33. Qf3 Bc8
34. g4 h5 35. Bf5 hxg4 36. hxg4 Qc7 37. Bxc8 Qxc8 38. g5 Qd7 39. Qh1 Qf5 40.
Rh4 Qxg5+ 41. Kf1 Rh6 42. Rxh6 Qxh6 43. Qxh6 gxh6 44. a3 Rd6 45. Ke2 Kf8 46.
Ke3 Ke7 47. Ke4 Rf6 48. f4 Rg6 49. Ke5 Rg3 50. d6+ Kd7 51. Kf6 Rxa3 52. Kxf7
Rf3 53. Ra1 Rxf4+ 54. Kg7 Ra4 55. Rd1 h5 56. Kf6 Ra2 57. Ke5 a5 58. Kd5 b4 59.
Kc4 Ra3 60. Rh1 Kxd6 61. Rxh5 b3 62. Rb5 a4 63. Kb4 Ra2 64. Kc3 Kc6 65. Rb8 Kd5
66. Rb7 Ke4 67. Re7+ Kf3 68. Rb7 Ke2 69. Re7+ Kd1 70. Rd7+ Kc1 71. Rh7 Rc2+ 72.
Kb4 Kb2 73. Kxa4 Rc4+ 74. Kb5 Rg4 75. Rh2+ Ka1 76. Rh8 b2 77. Ra8+ Kb1 78. Rc8
Ka2 79. Ra8+ Kb3 0-1

[Event "Golden Jubilee Club Championship"]
[Site "Box Hill"]
[Date "2002.05.17"]
[Round "6.25"]
[White "Suderson, Sunilson"]
[Black "Carey, Peter"]
[Result "1-0"]
[WhiteElo "1558"]
[BlackElo "1455"]
[Annotator "tw"]
[PlyCount "47"]
[EventDate "2002.04.12"]

1. e4 e5 2. Nf3 Nc6 3. Bb5 a6 4. Ba4 b5 5. Bb3 Be7 6. O-O Nf6 7. Re1 Na5 8.
Nxe5 Nxb3 9. axb3 d6 10. Nc6 Qd7 11. Nxe7 Qxe7 12. Nc3 c6 13. Nd5 cxd5 14. exd5
Nxd5 15. Rxe7+ Nxe7 16. Qf3 Rb8 17. Qg3 Nf5 18. Qf4 O-O 19. d4 Re8 20. Bd2 Ra8
21. g4 Nh4 22. Qg3 Ng6 23. f4 Re2 24. Qf3 1-0

[Event "Golden Jubilee Club Championship"]
[Site "Box Hill"]
[Date "2002.05.17"]
[Round "6.26"]
[White "Neymanis, Eric"]
[Black "Richter, Sally-Anne"]
[Result "0-1"]
[WhiteElo "1391"]
[BlackElo "1410"]
[Annotator "tw"]
[PlyCount "68"]
[EventDate "2002.04.12"]

1. c4 e5 2. Nc3 Nf6 3. e3 Nc6 4. a3 d5 5. cxd5 Nxd5 6. Be2 Be6 7. Bf3 Be7 8.
Nge2 O-O 9. Ng3 f5 10. e4 Nf4 11. Be2 Nxg2+ 12. Kf1 Nh4 13. exf5 Nxf5 14. d3
Nh4 15. Bg4 Bxg4 16. Qxg4 Qxd3+ 17. Qe2 Qxe2+ 18. Kxe2 Nd4+ 19. Kf1 Bc5 20. Be3
Nc2 21. Bxc5 Nxa1 22. Bxf8 Rxf8 23. Ke2 Nc2 24. Nge4 Nd4+ 25. Kd3 Nhf3 26. h4
Rf4 27. h5 c6 28. b4 Rg4 29. Ng3 Nh4 30. Nce4 Rf4 31. a4 Nhf5 32. Nxf5 Rxf5 33.
Nd6 Rxf2 34. Nxb7 Ne6 0-1

[Event "Golden Jubilee Club Championship"]
[Site "Box Hill"]
[Date "2002.05.17"]
[Round "6.27"]
[White "Wheelwright, Philip"]
[Black "Sellayah, Renishka"]
[Result "1-0"]
[WhiteElo "1664"]
[BlackElo "1182"]
[Annotator "tw"]
[PlyCount "67"]
[EventDate "2002.04.12"]

1. e4 e5 2. Nf3 Nc6 3. Bb5 Nge7 4. Nc3 d6 5. O-O Bd7 6. a4 g6 7. d3 Bg7 8. Be3
O-O 9. Qd2 Nd4 10. Bxd4 exd4 11. Ne2 Bxb5 12. axb5 c5 13. Qa5 b6 14. Qa2 Kh8
15. Ng5 d5 16. f4 Bh6 17. Nf3 dxe4 18. dxe4 Qd7 19. Ne5 Qe6 20. Qxe6 fxe6 21.
Rf3 Bg7 22. Nc4 Rfd8 23. Nc1 Rd7 24. Nxb6 Rad8 25. Nxd7 Rxd7 26. Ra6 e5 27.
fxe5 Bxe5 28. Nd3 Bg7 29. Nxc5 Rc7 30. b4 Nc8 31. Re6 Ne7 32. Rf7 Kg8 33. Rfxe7
Rxe7 34. Rxe7 1-0